Štandardy a metodologické postupy v ekonomickom znalectve bakalárska práca

Saved in:
Bibliographic Details
Main Author: Budziňák, Rastislav
Corporate Author: Fakulta podnikového manažmentu EU. Katedra podnikovohospodárska
Other Authors: Littvová, Veronika
Format: Book
Language:Slovak
Published: Bratislava 2010
Tags: Add Tag
No Tags, Be the first to tag this record!

MARC

LEADER 00000nbm a2200000 4500
001 0133359
005 20161109111521.5
041 0 |a slo 
044 |a SK 
245 1 0 |a Štandardy a metodologické postupy v ekonomickom znalectve  |b bakalárska práca  |c Rastislav Budziňák ; školiteľ: Veronika Littvová 
264 1 |a Bratislava  |c 2010 
300 |a 46 s. 
100 1 |a Budziňák, Rastislav 
700 1 |a Littvová, Veronika 
710 2 |a Fakulta podnikového manažmentu EU. Katedra podnikovohospodárska